Catalog

Record Details

Catalog Search



Holocaust und Nationalsozialismus / Hg. Eduard Fuchs, Falk Pingel, Verena Radkau

Fuchs, Eduard (Editor). Pingel, Falk (Editor). Radkau, Verena (Editor).

Record details

  • ISBN: 3-7065-1774-4
  • Physical Description: 126 s. : fotogr
  • Publisher: Innsbruck : Studien Verlag, 2002

Content descriptions

General Note:
Bibliografie.

Available copies

  • 1 of 1 copy available at Common Catalog SPOK.

Holds

  • 0 current holds with 1 total copy.
Show All Copies
Location Call Number / Copy Notes Barcode Shelving Location Status Due Date
Terezin Initiative Institute 4369 4594304369 Knihovna ITI Available -

LDR 00902nam a2200325 a 4500
00127387
003CZ-PrJAB
00520230213093524.0
008070327s2002 xr gr 0 ger
020 . ‡a3-7065-1774-4
035 . ‡a(CONS)2206
035 . ‡a(CZ PrSKC)000361995
040 . ‡aABB083 ‡bcze
080 . ‡a943.0 ‡2MRF
24500. ‡aHolocaust und Nationalsozialismus / ‡cHg. Eduard Fuchs, Falk Pingel, Verena Radkau
260 . ‡aInnsbruck : ‡bStudien Verlag, ‡c2002
300 . ‡a126 s. : ‡bfotogr
4900 . ‡aKonzepte und Kontroversen ; ‡vBand 1
500 . ‡aBibliografie.
7001 . ‡aFuchs, Eduard ‡4edt
7001 . ‡aPingel, Falk ‡4edt
7001 . ‡aRadkau, Verena ‡4edt
8524 . ‡bJACH-ITI ‡bJACH-ITI ‡cKnihovna ITI ‡j4369 ‡p4369 ‡y$0.00
910 . ‡aABE340 ‡b4369
995 . ‡askok
901 . ‡a27387 ‡bISxN ‡c27387 ‡tbiblio

Additional Resources